000 00527nam a2200217Ia 4500
003 OSt
005 20220928143407.0
006 a|||||r|||| 00| 0
007 ta
008 220927b |||||||| |||| 00| 0 eng d
024 _a21874
037 _cTextual
040 _aSDCL
_cSDCL
_beng
041 _2eng
_aeng
082 _aX:8B, M7
100 _aGrumball Clive
_9505243
245 0 _aManaging interest rate risk
260 _c1987
942 _hX:8B, M7
_cTEXL
_2CC
999 _c823896
_d823896